Towns, Cities, and Unincorporated towns in Rock Island County IL - Statistics

General Stats
  • This quiz has been taken 2 times
  • The average score is 4 of 30
Answer Stats
Answer % Correct
East Moline
100%
Moline
100%
Rock Island
100%
Milan
50%
Silvis
50%
Andalusia
0%
Babcock
0%
Barstow
0%
Big Island
0%
Buffalo Prairie
0%
Carbon Cliff
0%
Castle Junction
0%
Coal Valley
0%
Cordova
0%
Coyne Center
0%
Edgington
0%
Fruitland
0%
Ginger Hill
0%
Hampton
0%
Hillsdale
0%
Illinois City
0%
Joslin
0%
Oak Grove
0%
Osborn
0%
Poplar Grove
0%
Port Byron
0%
Rapids City
0%
Reynolds
0%
Rock Island Arsenal
0%
Taylor Ridge
0%
No matching quizzes found
Score Distribution
Percent of People with Each Score
Percentile by Number Answered
Your Score History
You have not taken this quiz